Dirección espiritual y medicina moderna

Salvato in:
Dettagli Bibliografici
Autore principale: Schaller, Jean Pierre (Autore)
Natura: Libro
Lingua:spagnolo
Pubblicazione: Salamanca Sígueme 1963
Edizione:2a. ed
Serie:Hinenni, 9
Soggetti:
Tags: Aggiungi Tag
Nessun Tag, puoi essere il primo ad aggiungerne!!

MARC

LEADER 00000nam a2200000 a 4500
001 UCR2089
003 CL-VaPUC
008 980109e19630000SP |||||||||||||||||spa|d
082 0 4 |a 248.3  |b SCH  |2 21 
100 0 |a Schaller, Jean Pierre  |e author  |9 399761 
245 1 0 |a Dirección espiritual y medicina moderna 
250 |a 2a. ed 
300 |a 253 p 
942 |c BK 
945 |d 19980109 00:00:00  |a jquezada 
260 |a Salamanca  |b Sígueme  |c 1963 
650 0 |a Cristianismo  |9 257361 
650 0 |a Fe  |9 308036 
650 0 |a Teología   |9 258766 
650 0 |a Problemas sociales  |9 258537 
650 0 |a Psicología social   |9 222894 
583 |a last modification  |c 19980109 00:00:00  |k Rodrigo Vera 
490 0 |a Hinenni, 9 
999 |c 265356  |d 265354 
952 |0 0  |1 0  |4 0  |6 248_300000000000000_SCH_1963  |7 0  |8 A  |9 296251  |a BIBTEO  |b BIBTEO  |d 2019-11-20  |i 3370003  |o 248.3 SCH 1963  |p 3370003  |r 2025-01-17  |w 2019-11-20  |y BK  |k ICR